| 000 | 00715nam a22001937a 4500 | ||
|---|---|---|---|
| 005 | 2010073104414.0 | ||
| 010 | _aENG-97457 | ||
| 020 |
_a9788184840001 _c980.00 |
||
| 035 | _aEN-80990 | ||
| 037 | _bDBAD/PUB | ||
| 082 | _a607.10954 | ||
| 100 |
_aVerma, H.L. _93554 |
||
| 245 |
_aExtension servies for quality assurance in technical education / _cby H.L. Verma |
||
| 260 |
_aNew Delhi _bRegal Publications _c2010 |
||
| 300 |
_avii, 244p. _c22 cm (Hb) |
||
| 500 | _aIncludes bibliagraphical references and index | ||
| 942 |
_2ddc _cEN _h607.10954 _mVER |
||
| 999 |
_c38399 _d38399 |
||